000 00927nam a2200301Ia 4500
001 14251
003 IT-RoPAU
008 130308s9999 xx 000 0 und d
040 _aIT-RoPAU
040 _cIT-RoPAU
041 _aITALIANO
100 _aMusio Gavino
100 _gCodice Aut. SPICS: 3439
245 _aCultura e storia...-Introduzione
245 _bScienza dell'uomo (La)-I Problemi dell'antropologia Culturale
250 _a1a ed.
260 _aSASSARI
260 _bDessi'
260 _c1972 [1° Ed.:1972 - Ed.Ling.Originale:1972]
300 _a"40 p. (prefazione: no ; testo: 40)"
500 _aProblema del Metodo Scientifico Questione del rigore Sistema e Pattern Antropologo Come Protagonista Scientificità e partecipazione Acculturazione e Rivoluzione
650 _aANTROPOLOGIA
650 _eCodice materia Spics: 3501
942 _cBK
957 _71
999 _c41743
_d41743
999 _bSI
999 _g1